| 000 | 01005pam a2200265 a 4500 | ||
|---|---|---|---|
| 005 | 20260311203207.0 | ||
| 008 | 940111s1994 enka b 001 0 eng | ||
| 020 | _a0198773951 | ||
| 020 | _a0198773943 (pbk.) | ||
| 020 | _a9780198773948 | ||
| 040 |
_aKABLIB _cKABLIB _erda |
||
| 082 | 0 | 0 |
_a331.137 _223 _bLAY |
| 100 | 1 |
_aLayard, Richard. _915732 |
|
| 245 | 1 | 4 |
_aThe unemployment crisis / _cRichard Layard, Stephen Nickell, Richard Jackman. |
| 260 |
_aOxford ; _aNew York : _bOxford University Press, _cc1994. |
||
| 300 |
_axi, 157 p. : _bill. ; _c22 cm. |
||
| 504 | _aIncludes bibliographical references (p. [147]-149), index. | ||
| 650 | 0 |
_aUnemployment. _915495 |
|
| 650 | 0 |
_aUnemployment _xEffect of inflation on. _915733 |
|
| 700 | 1 |
_aNickell, S. J. _915734 |
|
| 700 | 1 |
_aJackman, Richard, _d1945- _915735 |
|
| 700 | 1 |
_aLayard, P. R. G. _q(P. Richard G.). _tUnemployment. _915736 |
|
| 856 | 4 | 2 |
_3Publisher description _uhttp://www.loc.gov/catdir/enhancements/fy0638/94000155-d.html |
| 942 |
_2ddc _cBOOK |
||
| 999 |
_c6187 _d6187 |
||